Stúpajúca tendencia Festival komornej hudby v Nitre

Bibliographic Details
Main Author: Kučerová, E. (Author)
Format: Article
Language:Slovak
Subjects:

MARC

LEADER 00000nab a2200000 ar4500
001 vtls009308635
003 SK-MaSNL
005 20260303054524.0
008 080703c19760512xo |r|p|||||||000 b|slo
015 |a SNBRB1976 
038 |a SNKBUCL 
040 |a SNKBUCL  |b slo  |c SNKBUCL  |e AACR2 
041 |a slo 
044 |a xo  |c SK 
080 |a 78.079:787.1/.4  |2 1997 
080 |a 787.1/.4  |2 1997 
100 1 |a Kučerová, E.  |4 aut  |9 772992 
245 1 0 |a Stúpajúca tendencia  |b Festival komornej hudby v Nitre  |c E. Kučerová 
611 2 7 |a Festival komornej hudby  |d (1976 :  |c Nitra, Slovensko)  |2 snkbucl  |9 1048629 
650 0 7 |a komorná hudba  |x festivaly  |2 snkbucl  |9 1048630 
773 0 |t Hlas ľudu  |g (12.5.1976), s. 3 
852 |a SNK  |b KIS3GCP 
958 |a SK 
999 |c 1723607  |d 1725537